[Event "Brasilia Etapa do Rei op"]
[Site "Brasilia"]
[Date "2019.??.??"]
[Round "2"]
[White "Frajorge, Rodrigo Alves"]
[Black "Guimaraes, Diogo Duarte"]
[Result "0-1"]
[WhiteElo "1800"]
[BlackElo "2272"]
[PlyCount "42"]
[EventDate "2019.03.22"]
[EventType "swiss"]
[EventRounds "6"]
[EventCountry "BRA"]
[SourceTitle "CBM 190 Extra"]
[Source "ChessBase"]
[SourceDate "2019.07.15"]
[SourceVersion "1"]
[SourceVersionDate "2019.07.15"]
[SourceQuality "1"]

1. c4 Nf6 2. d4 c6 3. Bd2 d5 4. Nc3 dxc4 5. e3 b5 6. a4 b4 7. Nb1 e6 8. Bxc4 Nbd7 9. Qf3 Be7 10. Qxc6 Rb8 11. Qf3 Bb7 12. Qg3 Ne4 13. Qxg7 Bf6 14. Qg4 h5 15. Qh3 Ng5 16. Qg3 h4 17. Qd6 Be7 18. Qf4 Bxg2 19. d5 e5 20. Qf5 Be4 21. Qg4 f5 0-1